01720nam a22001697a 4500999001900000008004100019100004200060245006000102260004500162300003700207520104000244650008801284773004501372906001401417942000701431952011201438 c522841d522841230607b ||||| |||| 00| 0 eng d aJhalani Neha and Kandasamy, S.941447 aE-courts: Reduction of judicial stress in lower courts  aBihar Journal of Public Administration  a19(25), Jul-Sep, 2022: p.171-178 aAdministration of justice is the most significant attribute of any democratic state. It is very crucial because it determines the quality of the life of its citizens. It is also pivotal to our democratic system in a way that it prevents crime, protects the citizens, provides rehabilitation services, and ensures equal justice for everyone. The crisis of Covid-19 pandemic hit our lives and almost every sphere has been digitized including the education sector, health sector, professional and corporate offices, and the judiciary system remains no exception. In the Judiciary, cases were started to be administered on the online platform or through virtual courts. It is to be noted that the Indian Judiciary is highly under stress due to the rising pendency of cases, and inadequate infrastructure. In the present paper, the most common issue of judicial stress including the pendency of cases will be discussed in the context of how virtual courts can help in reducing the judicial stress in the lower judiciary system.- Reproduced  aAdministration of Justice, Virtual courts, Judicial stress, State, Citizens.938600 aBihar Journal of Public Administration  aJUDICIARY cAR 00102ddc40709397879aIIPAbIIPAd2023-06-07h19(25), Jul-Sep, 2022: p.171-178pAR128897r2023-06-07yAR